युग पुरुष आंबेडकर / (Record no. 115363)
[ view plain ]
| 000 -LEADER | |
|---|---|
| fixed length control field | 01084nam a22002777a 4500 |
| 003 - CONTROL NUMBER IDENTIFIER | |
| control field | dpl |
| 005 - DATE AND TIME OF LATEST TRANSACTION | |
| control field | 20180910133346.0 |
| 008 - FIXED-LENGTH DATA ELEMENTS--GENERAL INFORMATION | |
| fixed length control field | 180908b xxu||||| |||| 00| 0 eng d |
| 010 ## - LIBRARY OF CONGRESS CONTROL NUMBER | |
| LC control number | B-072130 |
| 020 ## - INTERNATIONAL STANDARD BOOK NUMBER | |
| Terms of availability | 200.00 |
| International Standard Book Number | 8170281512 |
| 035 ## - SYSTEM CONTROL NUMBER | |
| System control number | B-072130, B-072134, A-696645 |
| 037 ## - SOURCE OF ACQUISITION | |
| Source of stock number/acquisition | Cen Lib/Ret |
| 040 ## - CATALOGING SOURCE | |
| Original cataloging agency | DPL |
| Language of cataloging | HN |
| Transcribing agency | 0 |
| 082 ## - DEWEY DECIMAL CLASSIFICATION NUMBER | |
| Classification number | उ |
| Item number | भटना |
| 100 ## - MAIN ENTRY--PERSONAL NAME | |
| Personal name | भटनागर, राजेन्द्र मोहन |
| 9 (RLIN) | 51681 |
| 245 ## - TITLE STATEMENT | |
| Title | युग पुरुष आंबेडकर / |
| Statement of responsibility, etc | राजेन्द्र मोहन भटनागर |
| 246 ## - VARYING FORM OF TITLE | |
| Title proper/short title | Yugpurush ambedkar / |
| Remainder of title | by Rajendra Mohan Bhatnager |
| 260 ## - PUBLICATION, DISTRIBUTION, ETC. (IMPRINT) | |
| Place of publication, distribution, etc | दिल्ली |
| Name of publisher, distributor, etc | राजपाल एंड संस |
| Date of publication, distribution, etc | 2002 |
| 270 ## - ADDRESS | |
| City | दिल्ली |
| Address | कश्मीरी गेट |
| Postal code | 110006 |
| 300 ## - PHYSICAL DESCRIPTION | |
| Extent | 372पृ. |
| Dimensions | 23सेमी(सजिल्द) |
| 650 ## - SUBJECT ADDED ENTRY--TOPICAL TERM | |
| Topical term or geographic name as entry element | हिन्दी साहित्य |
| 9 (RLIN) | 61100 |
| 650 ## - SUBJECT ADDED ENTRY--TOPICAL TERM | |
| Topical term or geographic name as entry element | उपन्यास |
| 9 (RLIN) | 61101 |
| 650 ## - SUBJECT ADDED ENTRY--TOPICAL TERM | |
| Topical term or geographic name as entry element | Hindi literature |
| 9 (RLIN) | 61102 |
| 650 ## - SUBJECT ADDED ENTRY--TOPICAL TERM | |
| Topical term or geographic name as entry element | Fiction |
| 9 (RLIN) | 8901 |
| 942 ## - ADDED ENTRY ELEMENTS (KOHA) | |
| Source of classification or shelving scheme | Dewey Decimal Classification |
| Koha item type | Hindi Books |
| Classification part | उ |
| Call number suffix | भटना |
| Withdrawn status | Lost status | Damaged status | Not for loan | Home library | Current library | Date acquired | Source of acquisition | Cost, normal purchase price | Total Checkouts | Full call number | Barcode | Date last seen | Date checked out | Copy number | Cost, replacement price | Price effective from | Koha item type | Source of classification or shelving scheme | Collection code | Total Renewals |
|---|---|---|---|---|---|---|---|---|---|---|---|---|---|---|---|---|---|---|---|---|
| Central Library | Central Library | 20/08/2015 | Cen Lib/Ret | 200.00 | 1 | उ भटना | B-072130 | 01/07/2019 | 28/06/2019 | 1 | 200.00 | 20/08/2015 | Hindi Books | |||||||
| Shahdara Branch | Shahdara Branch | 08/09/2018 | BPPD/PUB | 200.00 | उ भटना | B-072134 | 08/09/2018 | 200.00 | 08/09/2018 | Hindi Books | Dewey Decimal Classification | Fiction | ||||||||
| Shahdara Branch | Shahdara Branch | 10/09/2018 | BPPD/PUB | 200.00 | 1 | उ भटना | A-696645 | 21/09/2019 | 31/08/2019 | 200.00 | 10/09/2018 | Hindi Books | Dewey Decimal Classification | Fiction | 1 |
